[Event "SCG First League w"]
[Site "Vrnjacka Banja SCG"]
[Date "2005.10.25"]
[Round "9"]
[White "Kononenko,T"]
[Black "Korbut,E"]
[Result "0-1"]
[WhiteElo "2423"]
[BlackElo "2391"]

1.d4 d5 2.c4 dxc4 3.Nf3 a6 4.e3 e6 5.Bxc4 c5 6.O-O Nf6 7.Bb3 b5 8.a4 b4 9.Nbd2 Be7
10.e4 Bb7 11.e5 Nfd7 12.Nc4 O-O 13.Bc2 cxd4 14.Bf4 Bd5 15.Qd3 g6 16.Nxd4 Nc5
17.Qe2 Bxg2 18.Kxg2 Qxd4 19.Bh6 Re8 20.Rad1 Qh4 21.Be3 f5 22.Nd6 Bxd6 23.Rxd6 Nbd7
24.f4 Rac8 25.Rfd1 Nf8 26.Bb1 b3 27.a5 g5 28.fxg5 Ne4 29.R6d4 Ng6 30.Bxe4 fxe4
31.Qf2 Qh5 32.Qg3 Rf8 33.Bg1 Nh4+ 34.Kh1 Nf5 35.Qxb3 Nxd4 36.Bxd4 Qg4 37.Rg1 Qf5
38.Re1 Rfd8 39.Qe3 Rc2 40.Kg1 Rxd4  0-1

[Event "5th Rohde Open"]
[Site "Sautron FRA"]
[Date "2005.10.30"]
[Round "9"]
[White "Prodhomme,B"]
[Black "Gerard,N"]
[Result "0-1"]
[WhiteElo "2048"]
[BlackElo "2286"]

1.d4 d5 2.c4 dxc4 3.Nf3 a6 4.e3 Nf6 5.a4 e6 6.Bxc4 c5 7.O-O Qc7 8.Qe2 Nc6
9.Rd1 Bd6 10.Nc3 O-O 11.dxc5 Bxc5 12.e4 Ng4 13.Be3 Nxe3 14.fxe3 b6 15.Rac1 Bb7
16.Nd4 Qe5 17.Nf3 Qf4 18.Re1 Ne5 19.Kh1 Qf6 20.Ba2 Ng4 21.Bb1 Bxe3 22.Rc2 Bc5
23.e5 Qf4 24.Nd1 Rad8 25.Rc4 Qxc4 26.Qxc4 Rxd1 27.Qxg4 Bxf3 28.Qh4 Rxe1+
29.Qxe1 Bc6 30.Qh4 g6 31.Qf6 Re8 32.h4 Be7 33.Qf4 Rd8 34.Bc2 Bc5 35.h5 Rd4
36.Qf6 Rd2 37.h6 Bf8 38.Bb3  0-1

[Event "Autumn Open"]
[Site "St Petersburg RUS"]
[Date "2005.11.03"]
[Round "6"]
[White "Kryschilovskij,A"]
[Black "Senkevich,K"]
[Result "1-0"]
[WhiteElo "2391"]
[BlackElo "2002"]

1.d4 d5 2.c4 dxc4 3.Nf3 c5 4.d5 e6 5.Nc3 Nf6 6.e4 exd5 7.e5 Ng8 8.Qxd5 Nc6
9.Qxd8+ Nxd8 10.Nb5 Ne6 11.Ng5 Nd4 12.Nc7+ Ke7 13.Nxa8 Nc2+ 14.Kd2 Nxa1 15.Bxc4 Nh6
16.h3 Bf5 17.g4 Bg6 18.Kc3 Nc2 19.f4 f6 20.f5 Nd4 21.Ne4 Be8 22.exf6+ gxf6
23.Nc7 Bc6 24.Nd5+ Bxd5 25.Bxd5 Ne2+ 26.Kc4 Nxc1 27.Rxc1 Nf7 28.Bxf7 Kxf7
29.Rd1 b6 30.Rd7+ Be7 31.Kd5 Rd8 32.Nd6+ Kf8 33.Rxd8+ Bxd8 34.Ke6 Bc7 35.Ne4 Be5
36.b3 Kg7 37.g5 Bd4 38.gxf6+ Kf8 39.a4 a6 40.Nd6 Bf2 41.Nc4 b5 42.axb5 axb5
43.Ne5  1-0

[Event "FSGM November"]
[Site "Budapest HUN"]
[Date "2005.11.17"]
[Round "13"]
[White "Pap,G"]
[Black "Seres,L"]
[Result "1-0"]
[WhiteElo "2384"]
[BlackElo "2396"]

1.d4 d5 2.c4 dxc4 3.Nf3 c5 4.d5 e6 5.e4 exd5 6.exd5 Nf6 7.Bxc4 Bd6 8.O-O O-O
9.h3 h6 10.Nc3 Bf5 11.Bd3 Bxd3 12.Qxd3 Na6 13.Rd1 Qd7 14.Be3 Rfe8 15.Nh4 Rad8
16.Nf5 Nb4 17.Qb1 Bf8 18.d6 Qc6 19.Bf4 Nbd5 20.Qc1 Nxc3 21.Qxc3 Nd5 22.Qg3 Nxf4
23.Qxf4 Re6 24.Qh4 Rd7 25.Rac1 Rg6 26.g3 Bxd6 27.b4 Bf8 28.bxc5 Rxd1+ 29.Rxd1 Qxc5
30.Rd8 Qxf5 31.Rxf8+ Kh7 32.Qd8 Rf6 33.Rh8+ Kg6 34.Qd4 Qxh3 35.Qxa7 Re6 36.Qa5 Re2
37.Qb6+ f6 38.Qb4 f5 39.Qb6+ Kh5 40.Qb1 g5 41.Qd1 Qg4 42.Qd6 Re1+ 43.Kh2  1-0

[Event "18th Belgrade Trophy"]
[Site "Obrenovac SCG"]
[Date "2005.11.25"]
[Round "4"]
[White "Kosic,D"]
[Black "D'Innocente,S"]
[Result "1-0"]
[WhiteElo "2489"]
[BlackElo "2262"]

1.d4 d5 2.c4 dxc4 3.Nf3 c5 4.e4 cxd4 5.Qxd4 Qxd4 6.Nxd4 a6 7.Bxc4 e6 8.Be3 Bb4+
9.Nd2 Nf6 10.f3 O-O 11.Kf2 Nbd7 12.Be2 Rd8 13.Nc4 Bc5 14.Rhd1 Re8 15.Nb3  1-0

[Event "5th Amplico AIG Life"]
[Site "Warsaw POL"]
[Date "2005.12.17"]
[Round "4"]
[White "Likavsky,T"]
[Black "Warakomski,T"]
[Result "1/2-1/2"]
[WhiteElo "2514"]
[BlackElo "2396"]

1.d4 d5 2.c4 dxc4 3.Nf3 c5 4.Nc3 cxd4 5.Qxd4 Qxd4 6.Nxd4 e5 7.Ndb5 Na6 8.Be3 Bd7
9.Bxa7 Bb4 10.O-O-O Bxc3 11.Nd6+ Ke7 12.Nxf7 Kxf7 13.Rxd7+ Ne7 14.Rxb7 Bd4
15.e3 Rxa7 16.Bxc4+ Kf6 17.Bxa6 Ke6 18.Rxa7 Bxa7 19.Bb7 Rd8 20.Rd1 Rxd1+
21.Kxd1 Kd6 22.b4 Nd5 23.a3 Nf6 24.h3 h5 25.h4 Kc7 26.Ba6 Kb6 27.Bc4 Bb8
28.a4 Bd6 29.a5+ Kb7 30.b5 Bb4 31.a6+ Kb6 32.Ke2 Be7 33.g3 Ne8 34.Kf3 Nd6
35.Bd3 g5 36.hxg5 Bxg5 37.Kg2 e4 38.Bf1 h4 39.Kh3 Bf6 40.Kg4 Bc3 41.Kf4 Be1
42.Ke5 Nc8 43.Kxe4 Bxf2 44.Kf4 Bg1 45.Bd3 Na7 46.e4 Nxb5 47.Bxb5 Kxb5  1/2-1/2

[Event "12th Open"]
[Site "Zadar CRO"]
[Date "2005.12.17"]
[Round "8"]
[White "Franic,M"]
[Black "Novak,Ra"]
[Result "1-0"]
[WhiteElo "2395"]
[BlackElo "2229"]

1.d4 d5 2.c4 dxc4 3.Nf3 c5 4.d5 e6 5.Nc3 exd5 6.Qxd5 Qxd5 7.Nxd5 Bd6 8.e4 Ne7
9.Bxc4 Nxd5 10.Bxd5 Nd7 11.Bg5 h6 12.Bh4 O-O 13.Rd1 g5 14.Bg3 Bxg3 15.hxg3 Kg7
16.Rc1 Rb8 17.O-O b6 18.Rfd1 Bb7 19.Bxb7 Rxb7 20.Rd6 Re8 21.Nd2 Nf6 22.f3 Rd7
23.Rxd7 Nxd7 24.Nc4 Ne5 25.Ne3 Rd8 26.Rc2 Nc6 27.b3 Nb4 28.Rb2 Rd3 29.Kf2 Rc3
30.Nf5+ Kg6 31.Rd2 Rd3 32.Ne7+ Kf6 33.Nd5+ Ke5 34.Rxd3 Nxd3+ 35.Ke3 Nc1 36.Nc3 b5
37.f4+ Ke6 38.Kd2 b4 39.Kxc1 bxc3 40.Kc2 f5 41.e5 h5 42.Kxc3 h4 43.fxg5 hxg3
44.Kd3 Kxe5 45.Ke3 f4+ 46.Kf3 Kf5 47.g6 Kxg6 48.Kxf4 Kf6 49.Kxg3 Ke5 50.Kh4 Kd4
51.g4 a5 52.g5 a4 53.g6 axb3 54.axb3 Kc3 55.g7 Kxb3 56.g8=Q+ c4 57.Kg3 Kc3
58.Kf3 Kd3 59.Qd5+ Kc3 60.Ke3  1-0

[Event "5th Amplico AIG Life"]
[Site "Warsaw POL"]
[Date "2005.12.18"]
[Round "12"]
[White "Sliwerski,R"]
[Black "Warakomski,T"]
[Result "0-1"]
[WhiteElo "2227"]
[BlackElo "2396"]

1.d4 d5 2.Nf3 c5 3.c4 dxc4 4.Nc3 cxd4 5.e4 Nc6 6.Ng5 Be6 7.Nxe6 Nf6 8.Rb1 fxe6
9.f3 Rc8 10.Bd2 b5 11.Kf2 a6 12.Be2 Ng4+ 13.Ke1 Ne3 14.Rg1 Nxd1 15.g3 e5
16.b3 Rc7 17.b4 g6 18.Rb3 h5 19.h4  0-1

[Event "14th Donau Open"]
[Site "Aschach AUT"]
[Date "2005.12.26"]
[Round "1"]
[White "Studnicka,T"]
[Black "Birklbauer,T"]
[Result "1-0"]
[WhiteElo "2317"]
[BlackElo "2070"]

1.d4 d5 2.c4 dxc4 3.Nf3 a6 4.a4 Nc6 5.e3 Na5 6.Nbd2 e6 7.Nxc4 Nxc4 8.Bxc4 Nf6
9.O-O c5 10.Qc2 cxd4 11.Rd1 Qa5 12.Nxd4 Be7 13.b3 O-O 14.Bb2 Bd7 15.e4 Rac8
16.e5 Nd5 17.Qe4 Rfd8 18.Rd3 Bc6 19.Nxc6 bxc6 20.h4 Nb6 21.Bc3 Bb4 22.Bxb4 Qxb4
23.Rxd8+ Rxd8 24.Qxc6 Qc3 25.Rb1 Nxc4 26.bxc4 Qxe5 27.Qxa6 Qe4 28.Qb5 Qxh4
29.c5 Rd2 30.Qe8+  1-0

[Event "TCh-HUN 2005-6"]
[Site "Hungary HUN"]
[Date "2006.01.22"]
[Round "6"]
[White "Markus,R"]
[Black "Kallai,G"]
[Result "1/2-1/2"]
[WhiteElo "2595"]
[BlackElo "2504"]

1.d4 d5 2.c4 dxc4 3.Nf3 c5 4.e3 cxd4 5.Bxc4 Qc7 6.Bb3 dxe3 7.Bxe3 e6 8.Nc3 Nf6
9.Rc1 Nc6 10.O-O a6 11.Na4 Be7 12.Nb6 Rb8 13.Nd4 O-O 14.Qf3 Bd7 15.Nxd7 Qxd7
16.Nxc6 bxc6 17.Rxc6 Nd5 18.Rxa6 Nxe3 19.Qxe3 Qb5 20.Ra4 Bf6 21.Rb1 Rfd8
22.Re4 Rd6 23.g3 Rbd8 24.Bc4 Qf5 25.Qf4 Rd1+ 26.Rxd1 Rxd1+ 27.Kg2 Qxf4 28.gxf4 Bxb2
29.f5 Rd4 30.Rxd4 Bxd4 31.fxe6 fxe6 32.Bxe6+ Kf8 33.f4 Ke7 34.Bf5 h6 35.Kf3 Kd6
36.Ke4  1/2-1/2

[Event "TCh-HUN 2005-6"]
[Site "Hungary HUN"]
[Date "2006.01.22"]
[Round "6"]
[White "Liptay,L"]
[Black "Nemeth,Zo"]
[Result "1/2-1/2"]
[WhiteElo "2334"]
[BlackElo "2340"]

1.d4 d5 2.Nf3 c5 3.c4 dxc4 4.e3 cxd4 5.exd4 Be6 6.Nc3 Nf6 7.Ne5 Nc6 8.Nxc6 bxc6
9.Qa4 Qd7 10.Bxc4 Bxc4 11.Qxc4 g6 12.Bf4 Bg7 13.Be5 O-O 14.O-O Rfd8 15.Rfe1  1/2-1/2

[Event "11th HIT Open A"]
[Site "Nova Gorica SLO"]
[Date "2006.01.27"]
[Round "2"]
[White "Epishin,V"]
[Black "Krivec,J"]
[Result "1-0"]
[WhiteElo "2553"]
[BlackElo "2299"]

1.d4 d5 2.c4 dxc4 3.Nf3 c5 4.d5 e6 5.Nc3 exd5 6.Qxd5 Qxd5 7.Nxd5 Bd6 8.Nd2 Nc6
9.Nxc4 Bb8 10.Bg5 Be6 11.e4 Nd4 12.O-O-O b5 13.Na5 a6 14.b4 Bxd5 15.exd5 Ba7
16.bxc5 Bxc5 17.Nb7 Ba3+ 18.Kb1 Nf5 19.Bd3 Nd6 20.Rhe1+ Kf8 21.Nxd6 Bxd6
22.Rc1 f6 23.Bd2 Ne7 24.Re6 Rd8 25.Ba5 Rd7 26.Rc6 Ba3 27.Rxa6 Rxd5 28.Bc2 Kf7
29.Bb3 Rc8 30.Rec6 Rd8 31.Bc3 b4 32.Rd6 Rc8 33.Rxd5 Nxd5 34.Bxd5+  1-0

[Event "TCh-HUN 2005-6"]
[Site "Hungary HUN"]
[Date "2006.02.26"]
[Round "8"]
[White "Toth,Li"]
[Black "Koczo,K"]
[Result "0-1"]
[WhiteElo "2215"]
[BlackElo "2104"]

1.d4 d5 2.c4 dxc4 3.Nf3 c5 4.Qa4+ Nc6 5.dxc5 e6 6.Qxc4 Qa5+ 7.Bd2 Qxc5 8.e4 Nf6
9.Nc3 Ng4 10.Nd1 Nge5 11.Nxe5 Nxe5 12.Qxc5 Bxc5 13.Bc3 Bd6 14.Ne3 O-O 15.Rd1 Bc7
16.Be2 b6 17.O-O Bb7 18.f4 Ng6 19.f5 Ne5 20.fxe6 fxe6 21.Ng4 Rxf1+ 22.Rxf1 Ng6
23.Bc4 Re8 24.Rd1 Bc6 25.b4 b5 26.Bb3 Nf4 27.Bb2 Bb6+ 28.Kf1 Rf8 29.Bd4 Bxe4
30.Bxb6 axb6 31.Kg1 Ne2+ 32.Kh1 Nd4 33.h3 Nxb3 34.axb3 Bd5 35.Kg1 Rf4 36.Rc1 Rxb4
37.Rc8+ Kf7 38.Rc7+ Kf8 39.Rc8+ Ke7 40.Rc7+ Kd6 41.Rxg7 Rxb3 42.Nf6 h6 43.Nxd5 exd5
44.Kf2 Kc5 45.h4 b4 46.Ke2 Kc4 47.Rc7+ Kd4 48.g4 Rg3 49.Rc6 b5 50.Rxh6 Rxg4
51.Kd2 b3 52.h5 Rg2+ 53.Kc1 b2+ 54.Kb1 Kc4 55.Rg6 Rh2 56.h6 d4 57.Rg3 d3
58.Ka2 d2 59.Rg1 Kc3  0-1

[Event "LXIII ch-POL"]
[Site "Krakow POL"]
[Date "2006.02.27"]
[Round "3"]
[White "Gajewski,G"]
[Black "Warakomski,T"]
[Result "1/2-1/2"]
[WhiteElo "2486"]
[BlackElo "2430"]

1.d4 d5 2.c4 dxc4 3.Nf3 c5 4.e3 cxd4 5.Bxc4 Qc7 6.Bb5+ Bd7 7.Bxd7+ Nxd7 8.exd4 Ngf6
9.Nc3 e6 10.O-O Bb4 11.d5 Bxc3 12.dxe6 fxe6 13.bxc3 O-O 14.Qb3  1/2-1/2

[Event "XXII Open"]
[Site "Reykjavik ISL"]
[Date "2006.03.11"]
[Round "6"]
[White "Akesson,R"]
[Black "Bergsson,Sn"]
[Result "1-0"]
[WhiteElo "2494"]
[BlackElo "2316"]

1.d4 d5 2.c4 dxc4 3.Nf3 a6 4.e3 b5 5.a4 Bb7 6.b3 e6 7.axb5 axb5 8.Rxa8 Bxa8
9.bxc4 bxc4 10.Bxc4 Nf6 11.O-O Bd6 12.Nbd2 O-O 13.Qc2 Nbd7 14.e4 Be7 15.e5 Nd5
16.Ne4 Nb4 17.Qb1 Nb6 18.Be2 Qd5 19.Bg5 Qd8 20.h4 h6 21.Bd2 Nc6 22.Qd3 Nd5
23.Rb1 Bxh4 24.Bd1 Be7 25.Bc2 g6 26.Nc5 Bxc5 27.dxc5 Kg7 28.Qc4 Qe7 29.Re1 Qd8
30.Qg4 Nce7 31.Nd4 Rh8 32.Rb1 Qd7 33.Rb3 Nf5 34.Bxf5 exf5 35.Qe2 Re8 36.Rh3 f4
37.e6 Qe7 38.Bc1 Qg5 39.Bb2 f6 40.Qb5 Ne7 41.f3 Rd8 42.Qd7  1-0

[Event "XXII Open"]
[Site "Reykjavik ISL"]
[Date "2006.03.13"]
[Round "8"]
[White "Kveinys,A"]
[Black "Steingrimsson,H"]
[Result "1/2-1/2"]
[WhiteElo "2517"]
[BlackElo "2439"]

1.d4 d5 2.c4 dxc4 3.Nf3 a6 4.a4 Nc6 5.e3 Bg4 6.Bxc4 e6 7.O-O Nf6 8.a5 Bd6
9.Nbd2 Qe7 10.Qa4 O-O 11.Be2 e5 12.dxe5 Nxe5 13.b3 Bd7 14.Qa2 Nd5 15.Ne4 Bb4
16.Bb2 Nxf3+ 17.Bxf3 Bc6 18.Ng3 Nc3 19.Bxc3 Bxc3 20.Rac1 Bxf3 21.Rxc3 Bd5
22.Rd1 Be6 23.Qc2 Rfc8 24.h3 h6 25.Ne2 b6 26.Nf4 bxa5 27.Ra1 Rab8 28.Rxa5 Qb4
29.Ra4 Qb6 30.Nxe6 Qxe6 31.Re4 Qd5 32.Rec4 g6 33.b4 Rd8 34.Rd4 Qe5 35.Rc5 Qe6
36.Rxd8+ Rxd8 37.Rxc7 Rd6 38.Rc5 h5 39.Kh2 Rb6 40.Qc3 Qf6 41.Re5 Rc6 42.Qb2 Qd6
43.f4 Rc8 44.Re4 Rb8 45.Rd4 Qe7 46.Qd2 Re8 47.e4 Rb8 48.e5 Kg7 49.Qc3 Kg8
50.Rd6 Kh7 51.Qd4 Rb7 52.Qe4 Kg7 53.Qd4 Kh7 54.Qc5 Rc7 55.Qd5 Rb7 56.Qc4  1/2-1/2

[Event "TCh-HUN 2005-6"]
[Site "Hungary HUN"]
[Date "2006.03.19"]
[Round "9"]
[White "Szabo,Zso3"]
[Black "Krizsany,L jr"]
[Result "1/2-1/2"]
[WhiteElo "2337"]
[BlackElo "2451"]

1.d4 d5 2.c4 dxc4 3.Nf3 c5 4.e3 cxd4 5.Bxc4 Nc6 6.exd4 e6 7.O-O Nf6 8.Nc3 Be7
9.Re1 O-O 10.a3 a6 11.Bg5  1/2-1/2

[Event "22nd Spring Festival Open"]
[Site "Budapest HUN"]
[Date "2006.03.27"]
[Round "5"]
[White "Bacso,G"]
[Black "Koczo,K"]
[Result "1-0"]
[WhiteElo "2200"]
[BlackElo "2104"]

1.d4 d5 2.c4 dxc4 3.Nf3 c5 4.Bf4 cxd4 5.Qxd4 Qxd4 6.Nxd4 Bd7 7.Nc3 Nc6 8.Nxc6 Bxc6
9.e4 Nf6 10.f3 e6 11.Bxc4 Bc5 12.O-O-O Rc8 13.Kb1 Bb4 14.Nb5 Bxe4+ 15.fxe4 Rxc4
16.Rc1 Rxc1+ 17.Rxc1 O-O 18.Nxa7 Nxe4 19.Rc7 g5 20.Rxb7 Bc5 21.Bg3 Nxg3 22.hxg3 Rd8
23.b4 Bf2 24.Nc6 Rd2 25.a4 Bxg3 26.a5 Rxg2 27.a6 Bf2 28.b5 Rg4 29.a7 Bxa7
30.Rxa7 Rc4 31.Rc7 Kg7 32.b6 Rc5 33.b7 Rb5+ 34.Kc2 h5 35.b8=Q Rxb8 36.Nxb8 Kg6
37.Kd3 f5 38.Ke3 h4 39.Nd7 h3 40.Kf3 g4+ 41.Kf4 Kh5 42.Ne5 Kh6 43.Nxg4+ fxg4
44.Kxg4 h2 45.Rc1 Kg6 46.Rh1 Kf6 47.Rxh2 Ke5 48.Kf3 Kd4 49.Ke2 e5 50.Rh8 Ke4
51.Rh4+ Kd5 52.Ke3 Kd6 53.Ke4 Ke6 54.Rh6+  1-0

[Event "KB Bank"]
[Site "Reykjavik ISL"]
[Date "2006.04.12"]
[Round "1"]
[White "Buckley,G"]
[Black "Thorfinnsson,Bj"]
[Result "0-1"]
[WhiteElo "2398"]
[BlackElo "2311"]

1.d4 d5 2.c4 dxc4 3.Nf3 a6 4.e3 b5 5.a4 Bb7 6.axb5 axb5 7.Rxa8 Bxa8 8.b3 Nf6
9.bxc4 bxc4 10.Ba3 Nbd7 11.Bxc4 e6 12.Bxf8 Kxf8 13.O-O g6 14.Nbd2 Kg7 15.Qa1 c5
16.dxc5 Nxc5 17.Rc1 Qd6 18.Be2 Bxf3 19.Bxf3 Qxd2 20.Rxc5 Rb8 21.g4 Rb2 22.Qf1 Nd7
23.Rb5 Rc2 24.Rb1 Ne5 25.Bd1 Ra2 26.Bb3 Ra5 27.Qd1 Rb5 28.Ra1 Qb4 29.Ba4 Rd5
30.Qf1 Qxg4+ 31.Kh1 Qe4+ 32.Qg2 Nd3 33.Kg1 Qxg2+ 34.Kxg2 Ra5 35.Rd1 Nb2 36.Rd2 Nxa4
37.Ra2 Ra6  0-1

[Event "17th Pobeskydi Hamont Cup"]
[Site "Frydek Mistek CZE"]
[Date "2006.04.13"]
[Round "2"]
[White "Lahner,J"]
[Black "Bombek,P"]
[Result "1/2-1/2"]
[WhiteElo "2291"]
[BlackElo "2225"]

1.d4 d5 2.c4 dxc4 3.Nf3 a6 4.e3 Bg4 5.Bxc4 e6 6.d5 Nf6 7.dxe6 Qxd1+ 8.Kxd1 Bxe6
9.Bxe6 fxe6 10.Ke2 Bd6 11.Nbd2 Nc6 12.b3 Rd8 13.Bb2 O-O 14.Rhd1 Bb4 15.a3 Bxd2
16.Nxd2 Rf7 17.Bxf6 Rxf6 18.Ne4 Rf5 19.Rxd8+ Nxd8 20.Rc1 c6 21.Nc5 a5 22.e4 Rh5
23.h3 b6 24.Nd7 Rb5 25.Rc3 e5 26.a4 Rb4 27.f3 Ne6 28.Ke3 Nd4 29.Nxe5 c5 30.Nd3 Rxb3
31.Rxb3 Nxb3 32.Ne5 Nd4 33.Nc4 b5 34.axb5 a4 35.Na3 Kf7 36.Kd3 Ke6 37.Kc4 Kd6
38.f4 Nb3 39.e5+ Ke6 40.b6 Na5+ 41.Kxc5 g5 42.fxg5 Nb3+ 43.Kb4 Kd5 44.b7 Nc5
45.b8=N Nd3+ 46.Kxa4 Kxe5 47.h4 Kf5 48.Nd7 Kg4 49.Nf6+ Kxh4 50.Nxh7 Kh5 51.Nc2 Kg6
52.Kb3 Kxh7 53.Nd4 Kg6 54.Kc3 Nc5 55.Nf3 Ne4+ 56.Kd3 Nxg5 57.Nxg5 Kxg5 58.Ke3 Kg4
59.Kf2  1/2-1/2

[Event "17th Pobeskydi Arcimpex Cup"]
[Site "Frydek Mistek CZE"]
[Date "2006.04.15"]
[Round "6"]
[White "Plischki,S"]
[Black "Jakubek,P"]
[Result "1-0"]
[WhiteElo "2376"]
[BlackElo "2244"]

1.d4 d5 2.c4 dxc4 3.Nf3 a6 4.e3 Bg4 5.Bxc4 e6 6.h3 Bh5 7.Nc3 Nc6 8.O-O Nf6
9.b3 Bd6 10.Bb2 O-O 11.Be2 Qe7 12.Nd2 Bxe2 13.Qxe2 e5 14.d5 Nb4 15.e4 Nc2
16.Rac1 Nd4 17.Qd3 Nh5 18.Ne2 Nxe2+ 19.Qxe2 Qg5 20.Nc4 Nf4 21.Qf3 f5 22.Kh2 fxe4
23.Qxe4 Rf6 24.g3 Ng6 25.Qg4 Qh6 26.Rce1 Ne7 27.Nxe5 Qd2 28.Qe2 Qxd5 29.Nc4 Rh6
30.Nxd6 Ng6 31.Qc4  1-0

[Event "VII TCh-RUS w"]
[Site "Sochi RUS"]
[Date "2006.04.20"]
[Round "1"]
[White "Gromova,I"]
[Black "Korbut,E"]
[Result "1/2-1/2"]
[WhiteElo "2195"]
[BlackElo "2442"]

1.d4 d5 2.c4 dxc4 3.Nf3 a6 4.e3 e6 5.Bxc4 c5 6.Qe2 Nc6 7.dxc5 Bxc5 8.O-O b5
9.Bd3 Bb7 10.Rd1 Qc7 11.a3 Nf6 12.b4 Bd6 13.Bb2 Ng4 14.h3 Nge5 15.Nbd2 Rd8
16.Be4 f5 17.Nxe5 Nxe5 18.Rac1 Qe7 19.Bxb7 Qxb7 20.Bxe5 Bxe5 21.e4 Bb2 22.Rb1 Bd4
23.Nf3 e5 24.Nxd4 exd4 25.exf5+ Qe7 26.Qa2 Qf7 27.Re1+ Kf8 28.Qc2 Qd5 29.Rbd1 h5
30.Qc7 Rd7 31.Qb8+ Rd8 32.Qf4 Rh6 33.Re6 Rd6 34.Re5 Qa2 35.Re4 d3 36.Rd4 Qc2
37.R1xd3 Qxd3 38.Rxd3 Rxd3 39.Qb8+ Kf7 40.Qb7+ Kg8 41.Qa8+ Kf7 42.Qb7+ Kg8
43.Qc8+ Kf7 44.g4 hxg4 45.hxg4 Rhd6 46.g5 R3d5 47.Kg2  1/2-1/2

[Event "VII TCh-RUS w"]
[Site "Sochi RUS"]
[Date "2006.04.28"]
[Round "9"]
[White "Andreeva,A"]
[Black "Mokhova,K"]
[Result "1/2-1/2"]
[WhiteElo "2028"]
[BlackElo "2156"]

1.d4 d5 2.c4 dxc4 3.Nf3 a6 4.a4 Nf6 5.e3 e6 6.Bxc4 c5 7.O-O Nc6 8.Nc3 Nb4
9.Qe2 cxd4 10.exd4 Be7 11.Bg5 O-O 12.Rad1 h6 13.Bh4 Nbd5 14.Ba2 Re8 15.Bb1 Bd7
16.Nxd5 exd5 17.b3 Rc8 18.Ne5 Be6 19.Qd3 Ne4 20.Bxe7 Qxe7 21.Rc1 Qa3 22.Qe3 Qb2
23.Bxe4 dxe4 24.Nc4 Bxc4 25.bxc4 Qb4 26.c5 Qxa4 27.d5 Re5 28.Rfd1 Rd8 29.d6 Qc6
30.Qd4 Rg5 31.g3 Rd7  1/2-1/2

[Event "President's Cup"]
[Site "Baku AZE"]
[Date "2006.05.04"]
[Round "1"]
[White "Agasiev,A"]
[Black "Bajarani,I"]
[Result "0-1"]
[WhiteElo "1925"]
[BlackElo "2352"]

1.d4 d5 2.c4 dxc4 3.Nf3 a6 4.a4 Nf6 5.e3 Bg4 6.Bxc4 e6 7.Qb3 Bxf3 8.gxf3 Nc6
9.Bd2 Rb8 10.Bc3 Bd6 11.Nd2 O-O 12.f4 Ne7 13.a5 Nfd5 14.Ne4 c6 15.Qc2 Nxc3
16.bxc3 Nd5 17.Ng5 g6 18.h4 Be7 19.Nf3 c5 20.h5 cxd4 21.hxg6 hxg6 22.Ne5 Kg7
23.Rg1 g5 24.fxg5 dxe3 25.Rh1 Rh8 26.Rxh8 Qxh8 27.Bxd5 Qh2 28.Nf3 Qh1+ 29.Ke2 Qxa1
30.Bxe6 exf2  0-1

[Event "4th TCh-SCG"]
[Site "Vrnjacka Banja SCG"]
[Date "2006.05.07"]
[Round "7"]
[White "Markus,R"]
[Black "Radulski,J"]
[Result "1-0"]
[WhiteElo "2585"]
[BlackElo "2490"]

1.d4 d5 2.c4 dxc4 3.Nf3 c5 4.e3 e6 5.Bxc4 Nf6 6.O-O a6 7.Bb3 Nc6 8.Qe2 cxd4
9.Rd1 Be7 10.Nxd4 Nxd4 11.exd4 O-O 12.Nc3 Qd6 13.Bg5 h6 14.Bxf6 Bxf6 15.Ne4 Qe7
16.Qf3 Rd8 17.Nxf6+ Qxf6 18.Qxf6 gxf6 19.d5 a5 20.dxe6 Bxe6 21.Bxe6 fxe6
22.Kf1 Kf7 23.Ke2 Ke7 24.Rxd8 Rxd8 25.Rc1 b6 26.Rc7+ Rd7 27.Rxd7+ Kxd7 28.Kf3 Ke7
29.Kg4 Kf7 30.Kh5 Kg7 31.f4 Kh7 32.a4 Kg7 33.g4 Kh7 34.h4 Kg7 35.g5 hxg5
36.hxg5 fxg5 37.fxg5 e5 38.Kg4 Kg6 39.b3  1-0

[Event "3rd All-China Games"]
[Site "Suzhou CHN"]
[Date "2006.05.24"]
[Round "8"]
[White "Xu Jun"]
[Black "Lin Ta"]
[Result "1/2-1/2"]
[WhiteElo "2591"]
[BlackElo "2386"]

1.d4 d5 2.c4 dxc4 3.Nf3 a6 4.e3 Nf6 5.Bxc4 e6 6.O-O c5 7.Bb3 Nbd7 8.e4 Nxe4
9.Re1 Nef6 10.d5 Nb6 11.dxe6 Bxe6 12.Bxe6 Qxd1 13.Bxf7+ Kxf7 14.Rxd1 Re8
15.Nc3 h6 16.Bf4 g5 17.Bc7 Nbd7 18.Rd2 Rh7 19.Rad1 Kg8 20.a4 Re6 21.h3 c4
22.Bd6 Bxd6 23.Rxd6 Rhe7 24.R1d4 Rxd6 25.Rxd6 Re8 26.Kf1 Kf7 27.Nd2 Rc8 28.Nde4 Rc6
29.Rxc6 bxc6 30.Nd6+ Ke6 31.Nxc4 Nc5 32.Ke2 Nd5 33.Kd2 Nf4 34.Ne3 Nfd3 35.Ncd1 Ne5
36.Nc3 Ned3 37.Ne4 Nxe4+ 38.Kxd3 Nxf2+ 39.Kd4 h5 40.b3 g4 41.h4 g3 42.Nf1 Nh3
43.Ke3 Ke5 44.Nxg3 Nf4 45.Kf3 a5 46.Nf1 Ng6 47.g3 Kd4 48.Nd2 Kc3 49.Nc4 Kb4
50.Ke4 Ne7 51.Kf4 c5 52.Kg5 Kxb3 53.Nxa5+ Kxa4 54.Nc4 Kb4 55.Ne3 c4 56.Kxh5 c3
57.Nc2+ Kb5 58.Ne1 Kb4 59.Kg4 Kc4 60.Kf3 Kd4 61.Kf2 Nf5 62.h5 Nxg3 63.h6 Ne4+
64.Kf1 Ng5  1/2-1/2

[Event "34th World Open"]
[Site "Philadelphia USA"]
[Date "2006.07.01"]
[Round "4"]
[White "Grieve,P"]
[Black "Revesz,Z"]
[Result "0-1"]
[WhiteElo "2083"]
[BlackElo "2161"]

1.d4 d5 2.Nf3 c5 3.c4 dxc4 4.dxc5 Qxd1+ 5.Kxd1 Nc6 6.Na3 e5 7.Nxc4 e4 8.Nfd2 Bf5
9.Nd6+ Bxd6 10.cxd6 O-O-O 11.e3 Rxd6 12.b3 Nf6 13.Ba3 Rd7 14.Bb5 Rhd8 15.Bc1 Nd5
16.Bxc6 bxc6 17.g3 Be6 18.Kc2 f5 19.Nc4 Nf6 20.h3 Bxc4 21.bxc4 Rd3 22.Re1 Nd7
23.Bb2 Nb6 24.Red1 Nxc4 25.Rxd3 Rxd3 26.Bc3 g6 27.a4 a6 28.a5 Rd5 29.Ra4 Nd6
30.Bd4 Kd7 31.Bb6 c5 32.f3 Kc6 33.Ra1 Nc4 34.Re1 Rd3 35.fxe4 fxe4  0-1

[Event "35th TCh-GRE"]
[Site "Ermioni GRE"]
[Date "2006.07.04"]
[Round "2"]
[White "Papadopoulou,V"]
[Black "Nikolaidi,E"]
[Result "1-0"]
[WhiteElo "2217"]
[BlackElo "1963"]

1.d4 d5 2.c4 dxc4 3.Nf3 c5 4.e3 cxd4 5.exd4 Nf6 6.Bxc4 e6 7.O-O Nc6 8.Nc3 Be7
9.Bg5 O-O 10.Rc1 Qb6 11.Qe2 Nxd4 12.Nxd4 Qxd4 13.Nb5 Qb6 14.Be3 Qa5 15.a3 Bd7
16.Rfd1 Bxb5 17.Bxb5 Nd5 18.Bd4 Bf6 19.Bc4 Bxd4 20.Rxd4 Rfd8 21.Qe5 Qc7 22.Rxd5  1-0

[Event "Czech Open A"]
[Site "Pardubice CZE"]
[Date "2006.07.21"]
[Round "1"]
[White "Otte,Marc"]
[Black "Cernousek,L"]
[Result "1/2-1/2"]
[WhiteElo "2228"]
[BlackElo "2418"]

1.Nf3 d5 2.d4 c5 3.c4 dxc4 4.Qa4+ Nc6 5.dxc5 Qd5 6.Be3 f6 7.Nc3 Qf7 8.Nb5 e5
9.Rc1 Be6 10.Nd2 Nh6 11.Bxh6 gxh6 12.Ne4 Qg6 13.Ned6+ Bxd6 14.Nxd6+ Ke7 15.Nxb7 Bd5
16.Nd6 Rab8 17.f3 Rxb2 18.Rd1 c3 19.Rxd5 c2 20.Qxc6 c1=Q+ 21.Kf2 Rd2 22.g3 Re8
23.Nxe8 Rxd5 24.Qxd5 Qxe8 25.Bg2 Qc2 26.Rd1 Qc8 27.Qd6+ Kf7 28.Rd5 Qc4 29.f4 Qe6
30.fxe5 fxe5 31.Qc7+ Qe7 32.Rd7 Qd4+ 33.Rxd4 Qxc7 34.Rc4 Ke8 35.Bd5  1/2-1/2

[Event "XLVIII TCh-POR"]
[Site "Evora POR"]
[Date "2006.07.22"]
[Round "1"]
[White "Prusikin,M"]
[Black "Lima,Da"]
[Result "1/2-1/2"]
[WhiteElo "2557"]
[BlackElo "2482"]

1.d4 d5 2.c4 dxc4 3.Nf3 c5 4.e4 cxd4 5.Qxd4 Qxd4 6.Nxd4 Bd7 7.Bxc4 Nc6 8.Nxc6 Bxc6
9.f3 e6 10.Be3 Nf6 11.Nd2 Nd7 12.Nb3 Bb4+ 13.Kf2 Ke7 14.Rac1 Rhc8 15.a3 Bd6
16.Na5 b6 17.Nxc6+ Rxc6 18.Bb5 Rcc8 19.Rhd1 Ne5 20.Ba6 Rxc1 21.Rxc1 f6 22.h4 h5
23.Be2 Rd8 24.b4 Rd7 25.g3 Rc7 26.Rxc7+ Bxc7 27.Ke1 a5 28.bxa5 bxa5 29.a4 Nd7
30.f4 Bd6 31.Bc1 Nc5 32.Be3 g6 33.f5 exf5 34.exf5 Kf7 35.fxg6+ Kxg6 36.Bb5 Ne4
37.Be8+ Kf5 38.Bxh5 Bxg3+ 39.Ke2  1/2-1/2

[Event "Dutch Open"]
[Site "Dieren NED"]
[Date "2006.07.29"]
[Round "5"]
[White "Ikonnikov,Vy"]
[Black "Slingerland,F"]
[Result "1-0"]
[WhiteElo "2587"]
[BlackElo "2338"]

1.d4 d5 2.Nf3 c5 3.c4 dxc4 4.d5 Nf6 5.Nc3 e6 6.e4 exd5 7.exd5 Bd6 8.Qe2+ Qe7
9.Nb5 Qxe2+ 10.Bxe2 Kd7 11.Nxd6 Kxd6 12.Bf4+ Ke7 13.Bxc4 Rd8 14.Bc7 Rxd5
15.Bxd5 Nxd5 16.Bg3 Nc6 17.O-O-O Be6 18.Ng5 Rd8 19.Rhe1 h6 20.Nxe6 fxe6 21.a3 Kf7
22.Rd3 b6 23.Be5 Nxe5 24.Rxe5 Ke7 25.Re4 Rd7 26.h4 Nf6 27.Rxd7+ Kxd7 28.Re3 Ke7
29.Rg3 Kf7 30.Kc2 Ne4 31.Rg4 Nf6 32.Ra4 a5 33.Kd3 Ne8 34.b4 axb4 35.axb4 Nf6
36.Ra7+ Kg6 37.bxc5 bxc5 38.Re7 Nd5 39.Rxe6+ Kf5 40.Re1 Nf4+ 41.Kc4 Nxg2
42.Rg1 Nxh4 43.Rxg7 h5 44.Kxc5 Nf3 45.Kc4 h4 46.Kd3 h3 47.Rg3 Ng5 48.Rg1 Nf3
49.Ra1 Kf4 50.Ke2 Nd4+ 51.Kf1 Nf3 52.Ra4+ Kg5 53.Ra8 Kf4 54.Rf8+ Kg4 55.Rg8+ Kf4
56.Rg3 Ng5 57.Rg1 Nf3 58.Rg8 Kf5 59.Rg3 Ng5 60.f3 Kf4 61.Kf2 Kf5 62.Rg4 Kf6
63.Kg3 Kf5 64.Ra4 Kf6 65.f4 Ne6 66.Kxh3  1-0

[Event "Czech Open A"]
[Site "Pardubice CZE"]
[Date "2006.07.29"]
[Round "9"]
[White "Kosata,J"]
[Black "Kopasov,E"]
[Result "0-1"]
[WhiteElo "2204"]
[BlackElo "2094"]

1.d4 d5 2.c4 dxc4 3.Nf3 a6 4.a4 Nf6 5.e3 Bg4 6.Bxc4 e6 7.O-O Nc6 8.Nc3 Bd6
9.Be2 O-O 10.e4 Bxf3 11.Bxf3 Nxd4 12.Be3 Nxf3+ 13.Qxf3 c6 14.Rfd1 Qc7 15.g3 Rfd8
16.Bg5 Be7 17.Qe2 Rxd1+ 18.Rxd1 Rd8 19.Rxd8+ Qxd8 20.Qc4 h6 21.Bf4 Qb6 22.Nd1 Qb4
23.Qxb4 Bxb4 24.f3 h5 25.Kf1 Kf8 26.Ke2 Ke8 27.Kd3 Kd7 28.Kc4 Be7 29.b4 b5+
30.axb5 axb5+ 31.Kc3 c5 32.bxc5 Bxc5 33.h3 Kc6 34.g4 hxg4 35.hxg4 Nd7 36.Bg3 Bd6
37.Bf2 Ne5 38.Bd4 Nxf3 39.Bxg7 Be5+ 40.Bxe5 Nxe5 41.Nf2 Kc5 42.g5 b4+ 43.Kb3 Nc6
44.Ng4 Nd4+ 45.Ka4 Nf3  0-1